000 00285nam a2200121Ia 4500
008 190216s9999||||xx |||||||||||||| ||und||
100 _aSokolov A And Ternov Etc
245 0 _aQuantum Mechanics
260 _bMir Pubs Moscow
_c1984
300 _a496p
650 _aPhysics
942 _cBK
999 _c33190
_d33190